Mots croisés: Oiseaux - Statistiques

Statistiques générales
  • Ce quiz a été pris 1 535 fois
  • Le résultat moyen est 56 sur 84
Statistiques - réponses
Réponse % Correct
I
98%
E
96%
G
96%
L
96%
N
96%
O
96%
P
96%
U
95%
A
94%
E
94%
G
94%
C
92%
P
91%
A
90%
A
90%
E
90%
H
90%
I
90%
N
90%
O
90%
R
90%
T
90%
U
90%
B
88%
H
88%
O
88%
O
86%
A
83%
C
83%
N
83%
T
83%
U
83%
A
82%
A
80%
R
80%
G
79%
E
73%
R
73%
U
73%
R
72%
N
66%
E
65%
Y
65%
G
64%
N
64%
O
64%
O
64%
S
64%
S
64%
E
62%
A
53%
B
53%
E
53%
I
53%
L
53%
N
53%
R
53%
S
53%
E
49%
L
49%
M
49%
R
49%
E
47%
E
47%
E
47%
L
47%
L
47%
R
47%
T
47%
T
47%
U
47%
A
44%
E
44%
O
44%
R
44%
T
44%
U
44%
U
44%
A
21%
A
21%
F
21%
I
21%
S
21%
Flamant Rose
7%
Aucun quiz correspondant
Distribution des résultats
% des personnes avec chaque résultat
Percentile par nombre de réponses
Votre historique - résultats
Vous n’avez pas pris ce quiz